Design and construction of low water stream crossings, (Record no. 547314)

000 -LEADER
fixed length control field 00477nam a22001337a 4500
082 ## - DEWEY DECIMAL CLASSIFICATION NUMBER
Classification number 624.25
Author Mark DES
-- D
110 ## - MAIN ENTRY--CORPORATE NAME
Corporate name or jurisdiction name as entry element US Department of Transportation.
9 (RLIN) 36995
245 ## - TITLE STATEMENT
Title Design and construction of low water stream crossings,
Statement of responsibility, etc. US Department of Transportation.
260 ## - PUBLICATION, DISTRIBUTION, ETC.
Place of publication, distribution, etc. United State :
Name of publisher, distributor, etc. US Department of Transportation Federal Highway Administration,
Date of publication, distribution, etc. 1983.
300 ## - PHYSICAL DESCRIPTION
Extent Misc Pages
526 ## - STUDY PROGRAM INFORMATION NOTE
Program name 0
Interest level 0
Reading level 0
Title point value 624_250000000000000_DES
650 ## - SUBJECT ADDED ENTRY--TOPICAL TERM
Topical term or geographic name entry element MCE
9 (RLIN) 379
942 ## - ADDED ENTRY ELEMENTS (KOHA)
Source of classification or shelving scheme
Koha item type Book
Holdings
Withdrawn status Lost status Source of classification or shelving scheme Damaged status Not for loan Permanent Location Current Location Date acquired Total Checkouts Full call number Barcode Date last seen Price effective from Koha item type
          Military College of Engineering (MCE) Military College of Engineering (MCE) 07/08/2014   624.25 DES MCE-43151 07/08/2014 07/08/2014 Book
© 2023 Central Library, National University of Sciences and Technology. All Rights Reserved.